000 00743cam a2200217 4500
001 WB3617-25
008 000000n2000 000 0 eng u
035 _a(Sirsi) u105744
245 _aRaynsford warns landlords on reviews
260 _c2000
490 _aEstates Gazette
_v(0017) 29 April 2000, 42(1)
520 _aFollowing research carried out by Reading University, Nick Raynsford has warned landlords that they may face regulation unless they promote alternatives to upward-only rent reviews.
590 _aWB
650 _aREADING UNIVERSITY
650 _aRESEARCH
650 _aUPWARD ONLY RENT REVIEWS
650 _aLONG LEASES
650 _aREGULATION
690 _aLANDLORD AND TENANT-BUSINESS TENANCIES
942 _n0
999 _c63328
_d63328